000 00866nam a2200229Ia 4500
003 GCL
008 140319s9999 xx 000 0 ara d
040 _aGCL /
_cGCL
082 0 4 _a240
_bع ت
100 1 _aعبدالغنى عبدالرحمن محمد
245 1 0 _aتأملات فى بعض الاوامر والنواهى فى القران الكريم والسنة :
_b(عربى - انجليزى) /
_cعبدالغنى عبدالرحمن محمد
260 _aالقاهرة :
_bمكتبة مدبولى ،
_c1997
300 _a159 ص ؛
_c24 سم
490 _a
650 0 4 _aالاخلاق الاسلامية
650 0 4 _aالاداب الاسلامية
650 0 4 _aالشريعة الاسلامية
650 0 4 _aالفقه الاسلامى
650 0 4 _aالمواريث
650 0 4 _aالمعاملات (فقه أسلامى)
942 _2ddc
_cBK
999 _c48113
_d48113